World history of the automobile /

Bibliographic Details
Main Author: Eckermann, Erik (Author)
Format: eBook
Language:English
Published: Warrendale, Pa. (400 Commonwealth Dr., Wallendale PA USA) : Society of Automotive Engineers, ©2001.
Series:Society of Automotive Engineers. Electronic publications.
Subjects:
Online Access:Connect to the full text of this electronic book

MARC

Tag First Indicator Second Indicator Subfields
LEADER 00000cam a2200000 i 4500
001 in00004148921
005 20201020065838.0
006 m o d
007 cr |n|||||||||
008 200305s2018 maua ob 001 eng d
019 |a 1108967645 
020 |a 9780768048667  |q PDF 
020 |z 0768048664  |q PDF 
020 |z 9780768008005  |q print 
020 |z 076800800X  |q pbk. 
024 7 |a 10.4271/r-272  |2 doi 
035 |a (CaBNVSL)mat08854912 
035 |a (IDAMS)0b0000648b686008 
035 |a (IEEE)8854912 
040 |a CaBNVSL  |b eng  |e rda  |c CaBNVSL  |d CaBNVSL  |d UtOrBLW 
041 1 |a eng  |h ger 
050 4 |a TL15  |b .E282413 2001eb 
082 0 4 |a 629.222/09  |2 21 
100 1 |a Eckermann, Erik,  |e author.  |0 http://id.loc.gov/authorities/names/n83211769 
240 1 0 |a Vom Dampfwagen zum Auto.  |l English  |0 http://id.loc.gov/authorities/names/n2001000937 
245 1 0 |a World history of the automobile /  |c Erik Eckermann ; translated by Peter L. Albrecht. 
264 1 |a Warrendale, Pa. (400 Commonwealth Dr., Wallendale PA USA) :  |b Society of Automotive Engineers,  |c ©2001. 
264 2 |a [Piscataqay, New Jersey] :  |b IEEE Xplore,  |c [2001] 
300 |a 1 online resource (x, 371 pages) :  |b illustrations, digital file. 
336 |a text  |b txt  |2 rdacontent 
337 |a computer  |b c  |2 rdamedia 
338 |a online resource  |b cr  |2 rdacarrier 
490 1 |a Society of Automotive Engineers. Electronic publications 
504 |a Includes bibliographical references. 
505 0 |a The prehistory of the automobile: from ancient times to 1884 -- The development of animal-drawn transportation -- The quest for a prime mover -- The pioneering era and coming of age: 1885-1918 -- The four-stroke engine and early vehicles by Daimler, Maybach, and Benz -- Further development at Daimler and Benz to the turn of the century -- France as the pacemaker of motorization -- Europe and North America embrace the idea of the automobile -- The automobile industry at the turn of the century, I -- The Mercedes era -- The great awakening -- Commercial vehicles and buses to 1914 -- The role of motorized vehicles in World War I, 1914 to 1918 -- The automobile as an industrial product: 1919-1945 -- American superiority -- The situation in Germany, 1918 to 1932 -- Europe between imitation and independence -- The automobile industry and automotive technology in the 1930s -- The Renaissance of German automotive technology -- Commercial vehicles and buses, 1919 to 1939 -- The diesel engine arrives on the automotive scene -- Motorized forces in World War II, 1939 to 1945 -- The mass-produced automobile: 1946-1979 -- The automobile industry and automotive technology in the 1950s -- The German auto industry: reconstruction and consolidation -- The Beetle and Mini establish new directions -- Mass motorization, and American legislative and oil crises -- The Japanese challenge -- The automobile as a consumer good: 1980-2000 -- New horizons through electronics -- Auto production in other countries -- Commercial vehicles and buses, 1945 to 2000 -- Maintenance methods: from village blacksmith to on-board diagnostics -- Alternative fuels, engines, and drive systems -- The automobile industry and automotive technology, 1980 to 2000 -- The automobile industry at the turn of the century, II -- 115 years of motorized traffic and transportation: the road behind, the road ahead. 
506 |a Restricted to subscribers or individual electronic text purchasers. 
520 3 |a This book details the development of the automobile from its early beginnings to the present day. With emphasis on the European historical perspective, particularly the pioneering developments which occurred in Germany, World History of the Automobile chronicles the early vehicles by Daimler, Maybach and Benz, the "Mercedes Era," the role of motor vehicles in World Wars I and II, and the numerous technological and business revolutions of the second half of the 20th century. 
530 |a Also available in print. 
538 |a Mode of access: World Wide Web 
588 |a Title from PDF title page (SAE Web site, 08/15/2012). 
588 |a Description based on PDF viewed 03/05/2020. 
650 0 |a Automobiles  |x History.  |0 http://id.loc.gov/authorities/subjects/sh85010269 
655 7 |a Electronic books.  |2 local 
655 7 |a History.  |2 fast 
710 2 |a IEEE Xplore (Online service),  |e distributor.  |0 http://id.loc.gov/authorities/names/no00037063 
710 2 |a Society of Automotive Engineers,  |e publisher. 
776 0 8 |i Print version:  |z 076800800X  |z 9780768008005  |w (DLC) 2001034148 
810 2 |a Society of Automotive Engineers.  |t Electronic publications. 
830 0 |a Society of Automotive Engineers. Electronic publications. 
856 4 0 |u http://proxy.library.tamu.edu/login?url=https://ieeexplore.ieee.org/xpl/bkabstractplus.jsp?bkn=8854912  |z Connect to the full text of this electronic book  |t 0 
955 |a  SAE ebooks 
999 f f |s a3e3f823-959e-330b-a695-97090ae7fcf2  |i e1e37437-e125-3595-a073-061f1572d2d4  |t 0 
952 f f |a Texas A&M University  |b College Station  |c Electronic Resources  |d Available Online  |t 0  |e TL15 .E282413 2001eb  |h Library of Congress classification 
998 f f |a TL15 .E282413 2001eb  |t 0  |l Available Online